LEADER 01486nam a2200301 u 4500 001 000000053944 003 CaOOAMICUS 005 20070226115622.0 008 001124s1964 gw u000 u ger u 035 $a10862329 040 $aPUL(R)$bita 041 0 $ager$achi 100 1 $aForke, Alfred,$d1867-1944.$0(OLS)http://pul/name/38316 245 10$aGeschichte der neueren chinesischen Philosophie /$cvon Alfred Forke. 250 $a2. unveränderte Aufl. 260 $aHamburg :$bCram, De Gruyter & Co.,$c1964. 300 $a693 p. ;$c29 cm 490 1 $aUniveristät Hamburg. Abhandlungen aus dem Gebiet der Auslandskunde. Bd. 46. Reihe Völkerkunde, Kulturgeschichte und Sprachen. Bd. 25. 500 $aInclude indici. 650 4$aFilosofia cinese.$0(OLS)http://pul/subject/14532 830 0$aAbhandlungen aus dem Gebiet der Auslandskunde (Universität Hamburg) ;$vBd. 46.$0(OLS)http://pul/title/72219 830 0$aAbhandlungen aus dem Gebiet der Auslandskunde (Universität Hamburg).$nReihe B,$pVölkerkunde, Kulturgeschichte und Sprachen ;$vBd. 25.$0(OLS)http://pul/title/72220 850 $aPUL 852 $aPUL$W1$xDP1 Fondo Giannini$y60$m1555 E 42$j71102$nBK-PRI$b $qFondi$B71102$CPULBib$Z2$F71102 $H $81 941 1 $a1 961 $aINV: Fondo Giannini 996 $6245$aGeschichte der neueren chinesischen Philosophie$9(OLS)http://pul/title/72355 996 $6260$aHamburg :$bCram, De Gruyter & Co.$9(OLS)http://pul/publisher/68651 LEADER 01307nam a2200301 a 4500 001 000000144012 003 CaOOAMICUS 005 20150611125458.0 008 150611s2014 bl 001 0 por r 020 $a978-85-356-3650-5 040 $aPUL$bita 082 04$a224.8 100 1 $aAgostini Fernandes, Leonardo.$0(OLS)http://pul/name/70998 245 12$aO anuncio do dia do Senhor :$bsignificado profético e sentido teologico de Joel 2,1-11 /$cLeonardo Agostini Fernandes. 260 $aSan Paulo :$bPaulinas,$c2014. 300 $a453 p. ;$c21 cm 490 1 $aExegese 504 $aBibliografia in nota. 630 04$aBiblia.$pV.T.$pProphetae$xCritica e interpretazione.$0(OLS)http://pul/subject/28065 830 0$aExegese (Paulinas).$0(OLS)http://pul/title/182206 850 $aPUL 852 $aPUL$W1$xDP2 Religione 3$y114$m224. 8 AGOLE 1$j166056$qDDC 21$B166545$CPULBib$Z2$F166545 $H126098 $82 941 1 $a9 996 $6020$a978-85-356-3650-5$9(OLS)http://pul/number/157867 996 $6082$a224.8$9(OLS)http://pul/classification/2784 996 $6245$aO anuncio do dia do Senhor :$bsignificado profético e sentido teologico de Joel 2,1-11$9(OLS)http://pul/title/182205 996 $6260$aSan Paulo :$bPaulinas$9(OLS)http://pul/publisher/70709